000
00306nam a2200121Ia 4500
008
190722s9999 xx 000 0 und d
020
_a
978933254954-8
100
_a
John Lee Yili Liu
245
0
_a
Introduction Human Factors Engineering
260
_a
India
_b
Pearson Edu.
_c
2013
300
_a
581
942
_c
BK
999
_c
50
_d
50